LaTeX : a document preparation system : user's guide and reference manual /

Guardado en:
Autor Principal: Lamport, Leslie.
Otros Autores: Bibby, Duane. (Ilustrador)
Formato: Libro
Idioma:English
Publicado: Reading, Mass. : Addison-Wesley, c1994.
Edición:2nd ed.
Materias:
Acceso en línea:Sitio web oficial de LaTeX
Etiquetas: Agregar Etiqueta
Sin Etiquetas, Sea el primero en etiquetar este registro!
LEADER 00869cam a2200241 a 4500
001 MAT.inmabb003292
008 931001s1994####maua#####bf###001#0#eng##
005 20160426163435.0
245 1 0 |a LaTeX :  |b a document preparation system : user's guide and reference manual /  |c Leslie Lamport ; illustrations by Duane Bibby. 
250 |a 2nd ed. 
260 |a Reading, Mass. :  |b Addison-Wesley,  |c c1994. 
300 |a xvi, 272 p. :  |b il. ;  |c 24 cm. 
504 |a Incluye referencias bibliográficas (p. 235) e índice. 
020 |a 0201529831 
100 1 |a Lamport, Leslie. 
700 1 |a Bibby, Duane.  |4 ill 
630 0 0 |a LaTeX (Computer file) 
650 0 |a Computerized typesetting. 
084 |a 68U15  |2 msc2000 
010 |a  93039691  
040 |a DLC  |c DLC  |d DLC 
856 4 2 |u http://www.latex-project.org/  |y Sitio web oficial de LaTeX 
859 |h 68  |i L351l-2  |p A-7087  |b BIB. MATEMATICA